| 000 | 00692nam a2200205 a 4500 | ||
|---|---|---|---|
| 005 | 20240924064343.0 | ||
| 008 | 991125s1976 ag 000 0 spa u | ||
| 035 | _aUPN01000044948 | ||
| 049 | _aCG | ||
| 050 | 4 |
_aLB2805 _bC6.68 |
|
| 100 | 1 |
_aCoombs, Philip Hall, _d1915-2006 _931275 |
|
| 245 | 1 | 3 |
_aEl planeamiento educacional : _bsus condiciones / _cP. H. Coombs y G. C. Ruscoe ; tr. José Penhos. |
| 260 |
_aBuenos Aires : _bPaidós, _c1976. |
||
| 300 | _a146 p. | ||
| 440 | 0 |
_aBiblioteca del educador contemporáneo ; _v219 |
|
| 650 | 4 |
_aEducación _xFines y objetivos _94837 |
|
| 650 | 4 |
_aEducación _xPlanificación _91146 |
|
| 700 | 1 |
_aRuscoe, Gordon C., _ecoaut. _931300 |
|
| 905 | _aLibro | ||
| 999 |
_c44948 _d44948 |
||